000 00461nam a2200181 a 4500
005 20140310183258.0
008 970101s19uu xx 00 eng d
020 _a0553213342
050 _aPR 4034
_b.Au933 1983
100 _aAusten, Jane
245 _aSense and sensibilty /
_cJane Austen.
260 _aNew York :
_bBantam books,
_c1983.
300 _a346 p. :
_c18 cm.
650 _aFiction
942 _cBK
_2lcc
999 _c20905
_d20905